00346nam a22001337a 450000500170000002000180001708200200003510000210005524500370007626000390011330000090015265000310016165000200019220260226124259.0 a9789383101252 223a616.01bSIN aSingh, Vineetha  aGreen Biology /cVineetha Singh  aJaipur :bAgrotech Press ,c2024 . a244p aChemistry of Cell Biology  aMicroorganisms